| 000 | 00811nam a2200253 a 4500 | ||
|---|---|---|---|
| 001 | 000041798 | ||
| 003 | DO-SdBNP | ||
| 005 | 20260321073643.0 | ||
| 007 | ta | ||
| 008 | 090331s1984 dr 000 0 spa d | ||
| 040 |
_aDO-SdBNP _bspa _cBNPHU |
||
| 082 | 4 |
_a972.9304 _bB742g, 1984 _222 |
|
| 100 | 1 |
_a Bosch, Juan, _d1909-2001 _976555 |
|
| 245 | 1 | 3 |
_aLa guerra de la restauración y la revolución de abril / _cJuan Bosch. |
| 246 | 1 | 4 | _aLa guerra guerra de la restauración / |
| 250 | _a3a. ed. | ||
| 260 |
_aSanto Domingo : _bCorripio, _c1984. |
||
| 300 |
_a261 p. ; _c21 cm. |
||
| 590 | _aInventariado, 2021 / DG | ||
| 651 | 4 |
_aRepública Dominicana _xHistoria _9170 |
|
| 651 | 4 |
_aRepública Dominicana _xRestauración, _y1863-1865 _92166 |
|
| 910 | _aValidado. Control de calidad MFF | ||
| 942 |
_2ddc _cLBS1 |
||
| 999 |
_c41287 _d41287 |
||